Great expectations
Uloženo v:
| Hlavní autor: | |
|---|---|
| Médium: | Kniha |
| Jazyk: | angličtina |
| Vydáno: |
Nueva York
New American Library
1963
|
| Edice: | Signet Classic
|
| Témata: | |
| Tagy: |
Přidat tag
Žádné tagy, Buďte první, kdo vytvoří štítek k tomuto záznamu!
|
MARC
| LEADER | 00000nam a2200000 a 4500 | ||
|---|---|---|---|
| 001 | UCQ0333 | ||
| 003 | CL-VaPUC | ||
| 008 | 980627e19630000US |||||||||||||||||eng|d | ||
| 082 | 0 | 4 | |a 823 |b DIC |2 21 |
| 100 | 0 | |a Dickens, Charles |e author |9 319540 | |
| 245 | 1 | 0 | |a Great expectations |
| 300 | |a 534 p | ||
| 942 | |c BK | ||
| 945 | |d 19980627 00:00:00 |a crobeson | ||
| 260 | |a Nueva York |b New American Library |c 1963 | ||
| 650 | 0 | |a Novelas inglesas |9 265220 | |
| 650 | 0 | |a Literatura inglesa |9 312907 | |
| 583 | |a last modification |c 19980627 00:00:00 |k Rodrigo Vera | ||
| 490 | 0 | |a Signet Classic | |
| 999 | |c 271470 |d 271468 | ||
| 952 | |0 0 |1 0 |4 0 |6 823_000000000000000_DIC_1963 |7 0 |8 A |9 306134 |a BIBEDU |b BIBEDU |d 2019-11-20 |i 1423827 |o 823 DIC 1963 |p 1423827 |r 2019-11-20 |w 2019-11-20 |y BK |k LIT | ||